000 01970nmm a2200361 4500
001 36408
003 Biblioteca APEC
005 20251014103516.0
008 000000t2014 dr ||||| |||| 00| 0 spa d
040 _cBiblioteca UNAPEC
_aBiblioteca UNAPEC
_bspa
_erda
041 _aspa
072 _aFacultad de Humanidades
090 _aeT TPG-C1 MAS-06 2014
100 1 _aSolano Rodríguez, Celenia Maribel
_911966
_eautor
245 1 0 _aPropuesta de estrategia para la identificación, resolución y las aplicaciones de ecuaciones trascendentes /
_cCelenia Maribel Solano Rodríguez; Asesor: Carlos Robert Valdez Coats
260 _aSanto Domingo, DO :
_bUniversidad APEC,
_c2014
300 _a1 CD ROM
336 _aTexto
_btxt
_2rdacontent
337 _aordenador
_bc
_2rdamedia
338 _arecurso en línea
_bcr
_2rdacarrier
500 _aCAMPUS I
500 _aTesis en Formato PDF Tesis en Formato Electrónico Tesis en Formato Digital
502 _aTesis (Maestría en Matemática Superior) - Universidad APEC, 2014
505 _aCAPITULO I.ASPECTOS INTRODUCTORIOS 1.1. Planteamiento del problema de investigación 1.2. Objetivos de la investigación 1.3. Justificación de la investigación CAPITULO II.MARCO DE REFERENCIA 2.1. Marco teórico 2.2. Marco contextual 2.3. Contexto soc
520 _aResumen: El presente proyecto consta de 5 capítulos en los que se van desarrollando, a partir del planteamiento del problema, todos los elementos que nos han encaminado a formular la propuesta, su implementación y aplicación; para finalizar haciendo un a
650 _aEcuaciones
_xAprendizaje
_911967
650 _aMatemáticas
_xEstudio y enseñanza
_911968
650 _aEcuaciones
_911969
700 1 _aValdez Coats, Carlos Robert
_easesor
_986400
856 _uhttps://bibliotecaunapec.blob.core.windows.net/tesis/TPG_CI_MAS_06_2014_ET150090.pdf
_yHacer clic para ver el PDF. (2.4 MB). Trabajo de Posgrado
912 _aAJIM
942 _2ddc
_cE-TES
999 _c14144
_d14144